[Event "6th K. Asrian Memorial"]
[Site "Jermuk"]
[Date "2013.06.24"]
[Round "9"]
[Board "4"]
[White "Gorovets, Andrey"]
[Black "Fier, Alexandr"]
[Result "1-0"]
[WhiteElo "2470"]
[BlackElo "2609"]
[PlyCount "97"]
[EventDate "2013.06.16"]
[EventRounds "9"]
[EventCountry "ARM"]

1. Nf3 g6 2. e4 c5 3. c3 Nf6 4. e5 Nd5 5. d4 cxd4 6. cxd4 Bg7 7. Bc4 Nb6 8. Bb3
O-O 9. Qe2 d6 10. h3 dxe5 11. dxe5 Bf5 12. Bf4 Nc6 13. Qe3 Bd3 14. Nc3 Nc4 15.
Bxc4 Bxc4 16. Qc5 Rc8 17. Qxc4 Nxe5 18. Qe4 Nd3+ 19. Kf1 Nxb2 20. Ne2 e5 21.
Bxe5 Re8 22. Qxb7 Rxe5 23. Nxe5 Bxe5 24. h4 Rc7 25. Qb5 Qf6 26. Rh3 a6 27. Qe8+
Kg7 28. Rc1 Rxc1+ 29. Nxc1 Qd6 30. Re3 Bd4 31. Rf3 Bf6 32. Qe2 Nc4 33. Kg1 Ne5
34. Re3 h5 35. g3 Ng4 36. Rf3 Bxh4 37. Qd3 Qb8 38. gxh4 Qh2+ 39. Kf1 Qxh4 40.
Qd4+ Kg8 41. Ke2 Qe7+ 42. Kd1 Qe6 43. Rb3 Kh7 44. f3 Nh6 45. Rb8 g5 46. Nd3 f6
47. Rb6 Qxa2 48. Qxf6 Qa4+ 49. Kd2 1-0

[Event "6th K. Asrian Memorial"]
[Site "Jermuk"]
[Date "2013.06.24"]
[Round "9"]
[Board "6"]
[White "Andriasian, Zaven"]
[Black "Petrosyan, Tigran S."]
[Result "1-0"]
[WhiteElo "2610"]
[BlackElo "2356"]
[PlyCount "101"]
[EventDate "2013.06.16"]
[EventRounds "9"]
[EventCountry "ARM"]

1. e4 e5 2. Nf3 Nc6 3. Bc4 Bc5 4. c3 Nf6 5. d3 O-O 6. O-O d6 7. Bb3 a6 8. Nbd2
Ba7 9. Re1 Ng4 10. Re2 Kh8 11. h3 Nh6 12. g4 Nxg4 13. hxg4 Bxg4 14. Qf1 f5 15.
Qg2 Qd7 16. Re1 Rf6 17. exf5 Qxf5 18. Bd5 Raf8 19. Be4 Qh5 20. Qh2 Qxh2+ 21.
Kxh2 Bxf3 22. Nxf3 Rxf3 23. Bxf3 Rxf3 24. Be3 Bxe3 25. fxe3 Rf2+ 26. Kg3 Rxb2
27. Rab1 Rxb1 28. Rxb1 b6 29. d4 g6 30. Kf3 d5 31. e4 exd4 32. exd5 Ne7 33. Ke4
d3 34. c4 d2 35. Rd1 Nf5 36. Rxd2 Kg7 37. Rc2 Kf6 38. c5 bxc5 39. Rxc5 Nd6+ 40.
Kd4 Nb5+ 41. Kc4 Ke5 42. a4 Nd6+ 43. Kb4 Ne8 44. Ra5 Nf6 45. Kc5 g5 46. Rxa6
Nxd5 47. Rh6 Nf6 48. a5 g4 49. Rxf6 Kxf6 50. Kd4 c5+ 51. Ke3 1-0

[Event "6th K. Asrian Memorial"]
[Site "Jermuk"]
[Date "2013.06.24"]
[Round "9"]
[Board "7"]
[White "Babujian, Levon"]
[Black "Gharagyozyan, Artur"]
[Result "1-0"]
[WhiteElo "2488"]
[BlackElo "2260"]
[PlyCount "83"]
[EventDate "2013.06.16"]
[EventRounds "9"]
[EventCountry "ARM"]

1. d4 d5 2. c4 c6 3. Nc3 Nf6 4. cxd5 cxd5 5. Bf4 e6 6. e3 Bd6 7. Bxd6 Qxd6 8.
Bd3 Nc6 9. f4 O-O 10. Nf3 Bd7 11. O-O Rfc8 12. Ne5 Be8 13. Qf3 Nd7 14. g4 f6
15. Nxd7 Bxd7 16. Rf2 Ne7 17. Raf1 Rab8 18. Qh3 f5 19. Rg2 b5 20. Qg3 g6 21. h4
b4 22. Ne2 Kf7 23. h5 Rg8 24. Qh4 Qb6 25. Nc1 Bb5 26. Rd1 fxg4 27. hxg6+ hxg6
28. Bxb5 Qxb5 29. Nd3 Rbf8 30. Ne5+ Ke8 31. Rc1 Rh8 32. Qxg4 Rf5 33. Rgc2 Rh6
34. Rc7 Qa6 35. Qg2 Rfh5 36. Ng4 Qd3 37. Qc2 Rh1+ 38. Kg2 Qxc2+ 39. R1xc2 R1h4
40. Rxa7 Rh1 41. Ne5 Kf8 42. Nxg6+ 1-0

[Event "6th K. Asrian Memorial"]
[Site "Jermuk"]
[Date "2013.06.24"]
[Round "9"]
[Board "8"]
[White "Arutinian, David"]
[Black "Minasian, Artashes"]
[Result "1/2-1/2"]
[WhiteElo "2543"]
[BlackElo "2505"]
[PlyCount "130"]
[EventDate "2013.06.16"]
[EventRounds "9"]
[EventCountry "ARM"]

1. Nf3 g6 2. c4 Bg7 3. g3 c5 4. Bg2 Nc6 5. Nc3 d6 6. O-O e5 7. d3 Nge7 8. a3
O-O 9. Bd2 a5 10. Rb1 h6 11. Ne1 Be6 12. Nc2 d5 13. cxd5 Nxd5 14. Ne3 Nxe3 15.
Bxe3 Nd4 16. Bxb7 Rb8 17. Ba6 Bh3 18. Re1 f5 19. Bc4+ Kh7 20. f3 g5 21. Bf2 g4
22. Bd5 gxf3 23. Bxf3 Qe8 24. Bg2 Bxg2 25. Kxg2 e4 26. dxe4 fxe4 27. Rf1 e3 28.
Qd3+ Nf5 29. g4 c4 30. Qxc4 exf2 31. gxf5 Rxf5 32. Rbd1 Qg6+ 33. Kh1 Rxb2 34.
Nd5 Rf7 35. Nf4 Rc2 36. Qa4 Qc6+ 37. Qxc6 Rxc6 38. Rxf2 Rc4 39. Rdf1 Ra4 40.
Rf3 Bb2 41. Nd3 Rxf3 42. Rxf3 Bxa3 43. Rf6 Rd4 44. Ra6 a4 45. Kg2 Bf8 46. Kf3
a3 47. Nf4 Bd6 48. Ra7+ Kg8 49. Ne6 Rh4 50. Ra6 Be7 51. Ra7 Bd6 52. Ra6 Bb4 53.
Ra4 Be7 54. Ra7 Bf6 55. Nf4 Bg5 56. e3 Bxf4 57. exf4 Rxh2 58. Kg3 Ra2 59. f5
Ra1 60. Kg2 a2 61. Kh2 h5 62. Kg2 h4 63. Kh2 h3 64. f6 Kf8 65. Ra8+ Kf7 1/2-1/2

[Event "6th K. Asrian Memorial"]
[Site "Jermuk"]
[Date "2013.06.24"]
[Round "9"]
[Board "9"]
[White "Hayrapetyan, Hovik"]
[Black "Khomeriki, Nino"]
[Result "1-0"]
[WhiteElo "2502"]
[BlackElo "2066"]
[PlyCount "102"]
[EventDate "2013.06.16"]
[EventRounds "9"]
[EventCountry "ARM"]

1. d4 Nf6 2. Nf3 e6 3. e3 c5 4. c4 d5 5. dxc5 Bxc5 6. a3 a5 7. b3 O-O 8. Bb2
Qe7 9. Nc3 Rd8 10. Qc2 Nc6 11. Be2 d4 12. exd4 Bxd4 13. O-O e5 14. Rad1 g6 15.
Qc1 Bg4 16. h3 Bxf3 17. Bxf3 e4 18. Rde1 Bxc3 19. Qxc3 Nd4 20. Rd1 exf3 21.
Rxd4 Rxd4 22. Qxd4 Ra6 23. gxf3 Qe6 24. Rd1 h5 25. Kg2 Kh7 26. Qxf6 Qxf6 27.
Bxf6 Rxf6 28. c5 Kg7 29. Rd4 b6 30. cxb6 Rxb6 31. b4 axb4 32. axb4 Rb5 33. f4
Kf6 34. Kf3 g5 35. Rc4 gxf4 36. Kxf4 Kg6 37. Ke3 Re5+ 38. Kd4 Rf5 39. Rc2 Rf3
40. Rb2 Rxh3 41. b5 Ra3 42. b6 Ra8 43. b7 Rb8 44. Kc5 Kg5 45. Kc6 Kg4 46. Kc7
Rxb7+ 47. Rxb7 h4 48. Kd6 f5 49. Rh7 f4 50. Ke5 f3 51. Ke4 h3 1-0

[Event "6th K. Asrian Memorial"]
[Site "Jermuk"]
[Date "2013.06.24"]
[Round "9"]
[Board "10"]
[White "Harutyunian, Tigran K."]
[Black "Mkrtchian, Lilit"]
[Result "1/2-1/2"]
[WhiteElo "2359"]
[BlackElo "2466"]
[PlyCount "20"]
[EventDate "2013.06.16"]
[EventRounds "9"]
[EventCountry "ARM"]

1. d4 d5 2. c4 e6 3. Nc3 Be7 4. Nf3 Nf6 5. Bg5 h6 6. Bh4 O-O 7. e3 b6 8. cxd5
Nxd5 9. Bxe7 Qxe7 10. Nxd5 exd5 1/2-1/2

[Event "6th K. Asrian Memorial"]
[Site "Jermuk"]
[Date "2013.06.24"]
[Round "9"]
[Board "11"]
[White "Kalashian, David"]
[Black "Bakunts, Rafael"]
[Result "1-0"]
[WhiteElo "2419"]
[BlackElo "2257"]
[PlyCount "109"]
[EventDate "2013.06.16"]
[EventRounds "9"]
[EventCountry "ARM"]

1. d4 Nf6 2. c4 g6 3. Nc3 Bg7 4. e4 d6 5. Be2 O-O 6. Bg5 a6 7. Nf3 c5 8. dxc5
Qa5 9. O-O Qxc5 10. Be3 Qc7 11. Rc1 Nbd7 12. b4 b6 13. Nd5 Qd8 14. e5 Nxd5 15.
Qxd5 Rb8 16. exd6 Nf6 17. dxe7 Qxe7 18. Qe5 Be6 19. Qb2 Nd5 20. Bd4 Bxd4 21.
Nxd4 Nf4 22. Rfe1 Qf6 23. Qc3 Rfd8 24. Rcd1 Rd7 25. Bf1 Rbd8 26. Re4 Bg4 27.
Rd2 Ne6 28. Rxg4 Nxd4 29. Rd3 Kg7 30. h3 Ne2+ 31. Bxe2 Rxd3 32. Qxf6+ Kxf6 33.
Bxd3 Rxd3 34. c5 bxc5 35. bxc5 Rd1+ 36. Kh2 Rc1 37. Ra4 Rxc5 38. Rxa6+ Kg5 39.
Ra7 f5 40. g3 Rc2 41. Kg2 Kf6 42. Ra6+ Ke5 43. h4 Rc3 44. a4 Ra3 45. a5 Ra2 46.
Ra8 Kf6 47. a6 Ra3 48. Kf1 Ra2 49. Ra7 Ke5 50. Kg2 Kf6 51. Kf3 Ra3+ 52. Ke2 Ke5
53. Kd2 Ra2+ 54. Kd3 Rxf2 55. Ra8 1-0

[Event "6th K. Asrian Memorial"]
[Site "Jermuk"]
[Date "2013.06.24"]
[Round "9"]
[Board "12"]
[White "Vardanian, Hakob"]
[Black "Mikaelyan, Arman"]
[Result "0-1"]
[WhiteElo "2260"]
[BlackElo "2215"]
[PlyCount "102"]
[EventDate "2013.06.16"]
[EventRounds "9"]
[EventCountry "ARM"]

1. Nf3 Nf6 2. g3 g6 3. Bg2 Bg7 4. O-O O-O 5. c4 d6 6. Nc3 e5 7. d3 c6 8. c5
dxc5 9. Nxe5 Nd5 10. Nxd5 cxd5 11. d4 cxd4 12. Nd3 Be6 13. Qb3 Qb6 14. Bxd5
Bxd5 15. Qxd5 Nc6 16. Bd2 Rfe8 17. Rfe1 Rad8 18. Qc5 Qxc5 19. Nxc5 d3 20. exd3
Ne5 21. Nxb7 Rxd3 22. Be3 Nf3+ 23. Kf1 Nxe1 24. Rxe1 Bxb2 25. Rb1 Bg7 26. Bxa7
Rd7 27. Rb3 Ree7 28. Bc5 Rxb7 29. Bxe7 Rxe7 30. a4 Bf8 31. Rb2 Re5 32. h4 Kg7
33. Rc2 Bb4 34. Rc4 Ba5 35. Kg2 Re2 36. g4 Rb2 37. Kg3 Rb4 38. Rxb4 Bxb4 39.
Kf4 Be1 40. Ke3 Kf6 41. Ke2 Ba5 42. f4 h5 43. Kf3 hxg4+ 44. Kxg4 Bc7 45. f5
gxf5+ 46. Kf3 Kg6 47. Ke3 Kh5 48. Kf3 Kxh4 49. a5 Bxa5 50. Kf4 Bc3 51. Kxf5 f6
0-1

[Event "6th K. Asrian Memorial"]
[Site "Jermuk"]
[Date "2013.06.24"]
[Round "9"]
[Board "15"]
[White "Hayrapetyan, Artavazd R."]
[Black "Chibukhchian, Artur"]
[Result "0-1"]
[WhiteElo "2172"]
[BlackElo "2450"]
[PlyCount "102"]
[EventDate "2013.06.16"]
[EventRounds "9"]
[EventCountry "ARM"]

1. Nf3 d5 2. d4 Nc6 3. e3 Bg4 4. Be2 Nf6 5. Nbd2 e6 6. O-O Bd6 7. c4 O-O 8. h3
Bf5 9. a3 Ne4 10. c5 Be7 11. Bb5 Nb8 12. Ba4 c6 13. Nxe4 dxe4 14. Nd2 e5 15.
dxe5 Nd7 16. b4 Nxe5 17. Bc2 Nd3 18. Bxd3 Qxd3 19. Bb2 Be6 20. Qc1 Rad8 21. Rd1
Qe2 22. Be5 Rd5 23. Bc3 Bf5 24. Re1 Qh5 25. Nf1 Bh4 26. Ng3 Qg6 27. Kh2 Be6 28.
Qb2 Rfd8 29. Rac1 f6 30. Rg1 Rg5 31. Be1 Rgd5 32. Bc3 Rd3 33. Qe2 R8d5 34. Rgd1
h5 35. Rxd3 exd3 36. Qd2 Rg5 37. Re1 Bd5 38. e4 Rxg3 39. fxg3 Bxg3+ 40. Kg1
Bxe1 41. Qxe1 Bxe4 42. Qf2 Bd5 43. Kh2 h4 44. Be1 Qe4 45. Qd2 g5 46. Qf2 Kf7
47. Bc3 f5 48. Qb2 Qf4+ 49. Kg1 Qe3+ 50. Kh2 f4 51. a4 Qg3+ 0-1